00321nam a2200121Ia 4500008004100000041000800041082001700049100001500066245004500081260003300126300003300159365000700192240624s9999 xx 000 0 und d aeng a658.4012 AHM aAHMAD ABAD aPASSION TO WIN HOW WINNING COMPANIES DEV c2004aNew DelhibExcel Books axviii, : 322 : p. : cm. ; 24 cRS